Bambini sotto pressione (Record n. 217666)

Dettagli MARC
000 -LEADER
fixed length control field 01095nam a2200205Ia 4500
001 - CONTROL NUMBER
control field a1555-39763
003 - CONTROL NUMBER IDENTIFIER
control field IT-MiCISF
008 - FIXED-LENGTH DATA ELEMENTS--GENERAL INFORMATION
fixed length control field 161014s9999||||xx |||||||||||||| ||und||
040 ## - CATALOGING SOURCE
Original cataloging agency IT-MiCISF
Transcribing agency IT-MiCISF
041 ## - LANGUAGE CODE
Language code of text/sound track or separate title it
999 ## - SYSTEM CONTROL NUMBERS (KOHA)
Koha Dewey Subclass [OBSOLETE] si
100 ## - MAIN ENTRY--PERSONAL NAME
Personal name Sullivan Karen
245 #0 - TITLE STATEMENT
Title Bambini sotto pressione
250 ## - EDITION STATEMENT
Edition statement 1a ed.
260 ## - PUBLICATION, DISTRIBUTION, ETC. (IMPRINT)
Place of publication, distribution, etc. Milano
Name of publisher, distributor, etc. Tea
Date of publication, distribution, etc. 2003 [Edizione originale: 2002]
300 ## - PHYSICAL DESCRIPTION
Extent pp. 280
500 ## - GENERAL NOTE
General note / infanzia, stress, famiglia, salute, cura / Nell'ultimo decennio il "mestiere di bambino" è cambiato e si è trasformato in una sequenza rigorosa di attività obbligatorie e impegnative, che alla lunga possono minacciare la salute emotiva e fisica dei ragazzi. Sottoposti a forti pressioni, sperimentano spesso i disturbi tipici dello stress degli adulti (depressione, ansia, disordini alimentari). Il volume indaga i motivi di tale cambiamento, affronta i problemi che affliggono i piccoli e offre consigli su ciò che serve per farli diventare adulti sani ed emotivamente stabili.
650 ## - SUBJECT ADDED ENTRY--TOPICAL TERM
Topical term or geographic name as entry element Infanzia / età-evolutiva
Relator term 008
942 ## - ADDED ENTRY ELEMENTS (KOHA)
Koha item type LIBRO
957 ## -
-- 1
999 ## - SYSTEM CONTROL NUMBERS (KOHA)
-- 1
Dati di copia
Withdrawn status Lost status Damaged status Not for loan Home library Current library Date acquired Total Checkouts Full call number Date last seen Price effective from Koha item type Public note
    Buone Condizioni Not For Loan CISF - Milano CISF - Milano 14/10/2016   a1555-39763 14/10/2016 14/10/2016 LIBRO Data import 15.10.2016 / by Epidotti, Vaglietti
CREDITS: SOCIETA' SAN PAOLO Via A.Severo, 58 - ROMA (RM) & PERIODICI SAN PAOLO SRL Via Giotto, 36 MILANO & CISF Via Giotto, 36 MILANO & EDIZIONI SAN PAOLO SRL,  Piazza Soncino, 5 CINISELLO BALSAMO (MI) -- ITALY